000 01125nam a2200301 i 4500
003 EG-GICUC
005 20260413181404.0
008 260408s1992 ua a|||fr|||| 00| 0 ara d
017 _a1993/6387
040 _a EG-GICUC
_bara
_c EG-GICUC
_d EG-GICUC
_erda
041 _aara
082 0 4 _221
_a341.71
_bا ح . أ
092 0 4 _221
099 _aLaw1 11 341.71 ا ح . أ 1992
100 0 _a احمد كمال ابو المجد
_eمؤلف.
245 1 2 _aالامة في عام :
_bتقرير حولي عن الشئون السياسية والاقتصادية العربية /
_cاحمد كمال ابو المجد.
264 1 _aالقاهرة:
_bمطابع دار الطباعة والنشر الاسلامية,
_c1992.
300 _a373 صفحة :
_bجداول ؛
_c24 سم
336 _2rda content
_atext
337 _2rda media
_aComputer
338 _2rda carrier
_aOnline Resource
546 _aالنص باللغة العربية
650 1 _aقانون دولي عام
650 1 _aالامة
856 4 0 _uhttps://fll.law.cu.edu.eg/fulltext/bks/B11-06822.pdf
905 _a72
942 _2ddc
_cBK
_e21
_n0
999 _c69530
_d69530